La Comunidad Económica Europea y el Mercado Común Centroamericano: evolución y perspectivas de sus relaciones económicas

Relaciones del Mercado Común Centroamericano con la comunidad económica europea (CEE). Enumera y comenta las acciones de cooperación y acercamiento, por medio de reuniones, programas, misiones y otros, establecidas entre el MCCA y la CEE. SE refiere a las posibles acciones a seguir en el futuro. Par...

Полное описание

Сохранить в:
Библиографические подробности
Соавтор: SIECA
Формат: Текст
Язык:Spanish
Опубликовано: Guatemala: SIECA
Предметы:
Метки: Добавить метку
Нет меток, Требуется 1-ая метка записи!

MARC

LEADER 00000 a a2200000 04500
001 20029
003 cru IIS
005 20220711115056.0
008 220711b |||||||| |||| 00| 0 spa d
040 |a CRAI/IIS  |c CRAI/IIS 
090 |a 09.05.01 S446c 
110 |a SIECA  
245 |a La Comunidad Económica Europea y el Mercado Común Centroamericano: evolución y perspectivas de sus relaciones económicas  
260 |a Guatemala:   |b SIECA  
300 |a 53 p.  
520 |a Relaciones del Mercado Común Centroamericano con la comunidad económica europea (CEE). Enumera y comenta las acciones de cooperación y acercamiento, por medio de reuniones, programas, misiones y otros, establecidas entre el MCCA y la CEE. SE refiere a las posibles acciones a seguir en el futuro. Para el periodo 1963-76. Incluye datos sobre balanza comercial con la CEE valor de las importaciones y las exportaciones, e importaciones por países. /ACM  
650 |a AMERICA CENTRAL  
650 |a MCCA  
650 |a CEE  
650 |a COMERCIO INTERNACIONAL  
650 |a COOPERACION INTERNACIONAL  
650 |a PUB. SIECA  
942 |2 ddc  |c LI 
999 |c 11472  |d 11472